Films avec Isabelle Huppert - Mort subite - Statistiques

Statistiques générales
  • Ce quiz a été pris 142 fois
  • Le résultat moyen est 8 sur 16
Answers on the Grid
Answers color-coded by a green-red scale on the quiz's grid according to % correct below.
La Pianiste
Possession
Une Histoire Simple
Amour
Le Goût des autres
Sidonie au Japon
Les Neiges du Kilimandjaro
Manon des sources
8 Femmes
Gazon maudit
Violette Nozière
Elle
L'ivresse du pouvoir
Sans toit ni loi
Funny Games
Back Home
Les Choses de la vie
EO
36 quai des Orfèvres
La Balance
La Syndicaliste
La Daronne
Pédale douce
Une affaire de femmes
Sous le sable
Les Sentiments
Madame Bovary
Germinal
Mon crime
Je verrai toujours vos visages
Loulou
Eva
 
Statistiques - réponses
Réponse % Correct
La Pianiste
83%
8 Femmes
77%
Elle
66%
La Daronne
60%
Madame Bovary
60%
La Syndicaliste
55%
Violette Nozière
52%
Sidonie au Japon
49%
Une affaire de femmes
49%
Mon crime
43%
Amour
41%
Loulou
37%
Eva
36%
L'ivresse du pouvoir
35%
EO
23%
Back Home
20%
Aucun quiz correspondant
Distribution des résultats
% des personnes avec chaque résultat
Percentile par nombre de réponses
Votre historique - résultats
Vous n’avez pas pris ce quiz